GO FOR GOLD : INSPIRATION to INCREASE YPUR LEADERSHIP IMPACT /

Bibliographic Details
Main Author: Maxwell, John C, 1947- (Author)
Format: Book
Language:English
Subjects:
LEADER 00970cam a2200301 7i4500
001 0000010148
005 20190930090000.0
005 ##20190930124500.0
003 ##MY-KlINT
008 201511t20082008tnu g 000 0 eng d
020 # # |a 9781400280377  
039 # 9 |a 201909301245  |b Amir  |c 201909271506  |d rozila  |y 201511041120  |z VLOAD 
040 # # |a BK 
082 0 0 |a 658.4092 
090 0 0 |a 658.4092   |b MAX 
100 1 # |a Maxwell, John C,   |d 1947-   |e author 
245 1 0 |a GO FOR GOLD :   |b INSPIRATION to INCREASE YPUR LEADERSHIP IMPACT /   |c JOHN C. MAXWELL. 
264 # 0 |c ♭2008 
264 # 0 |a NASHVILLE  |b THOMAS NELSON  |c [2008] 
300 # # |a vii, 206 pages;   |c 19cm. 
336 # # |a text  |2 rdacontent 
337 # # |a unmediated  |2 rdamedia 
338 # # |a volume  |2 rdacarrier 
583 # # |a LULUS 
650 # 0 |a Leadership  
999 |a 0000063381  |b BOOK  |c Main Non-Fiction  |e INTAN BK 
999 |a 0000063454  |b BOOK  |c Main Non-Fiction  |e INTAN BK 
999 |a 0000065356  |b BOOK  |c Main Non-Fiction  |e INTAN BK